| 000 | 00703 a2200217 4500 | ||
|---|---|---|---|
| 010 | _aENG-89895 | ||
| 020 |
_a8180901607 _c350.00 |
||
| 035 | _aEN-73428 | ||
| 037 | _bDBAD / PUB | ||
| 082 | 1 | 4 | _a250 |
| 090 |
_c11949 _d11949 |
||
| 100 | 1 | _aRhys-Davids, T.W. | |
| 245 | 1 |
_aBuddhist India/ _cby T.W. Rhys-Davids |
|
| 250 | _arev. ed | ||
| 260 |
_aDelhi _bBharatiya Kala Prakashan _c2007 |
||
| 270 |
_a3421-A, IInd Floor, Narang Colony, Tri Nagar _bDelhi _cDelhi _e110035 _k27393083, 30967505 |
||
| 300 |
_ax, 222p. _c21 cm. (Hb) |
||
| 500 | _aIncludes index. | ||
| 942 |
_adpl _cEN _k 250 / RHY |
||
| 999 |
_c11595 _d11595 |
||